Vista normal
Vista MARC
Entrada Materia (personas)
Número de registros utilizados en: 1
001 - CONTROL NUMBER
- control field: 92396
003 - CONTROL NUMBER IDENTIFIER
- control field: Co-BoUCM
005 - DATE AND TIME OF LATEST TRANSACTION
- control field: 20180509114550.0
008 - FIXED-LENGTH DATA ELEMENTS
- fixed length control field: 180509|| aca||aabn | a|a d
040 ## - CATALOGING SOURCE
- Original cataloging agency: Co-BoUCM
- Transcribing agency: Co-BoUCM
100 ## - HEADING--PERSONAL NAME
- Personal name: Ibarbourou, Juana de
- Dates associated with a name: 1895-1979
670 ## - SOURCE DATA FOUND
- Source citation: Work cat.: (Co-BoUCM)309830: Ibarbourou, Juana de 1895-1979, Obras Completas, 1953